guess SMOSH characters by the quote - Statistics

General Stats
  • This quiz has been taken 59 times
  • The average score is 6 of 16
Answer Stats
Hint Answer % Correct
"In many ways the samurai has a sexual relationship with his weapon." The Chosen
94%
"It's just one of those days." Fred Darts
67%
"I'm on my way." Gerald Cakes
65%
"We got plenty of potatoes down at the Spud Hut." Jerry Spruce
50%
"You ripped an explosive burp in my face." Sarah Christ
50%
"This isn't me mate." tinky winky
48%
"...creating my own path." Dominic
43%
"I'm sure the US government had nothing to do with it." Redacted
35%
"Hey, little twerp, never listen to my calls again." Detective where's my coffee
31%
"BASIC." Courtney Freaking Miller
28%
"Y'know how Anthony left? Everyone should do that." Augustus
22%
"It's wine o'clock over here!" Aunt Carolyn
22%
"I see you're having a good day so far, but have you considered...not having one?" your mental illness
22%
"My ancestors were wolves but I'm just an abomination of nature." Mr. Muffins
19%
"If you open your mouth in the nuclear rain will it taste like cinnamon?" boneless
7%
"His personality was grafted from his ass." the coroner
0%
No matching quizzes found
Score Distribution
Percent of People with Each Score
Percentile by Number Answered
Your Score History
You have not taken this quiz